00506 2200205 4500001002100000008004100021035002000062245006600082100002000148250000600168260003200174300001100206084001400217082000800231650001300239990001200252990001200264990001200276990001200288INLIS000000000000664 ind  a0010-0424000640 aPenjelajah Ruang Angkasa; Drama Ruang AngkasacChriswood Ford aFord, Chriswood a1 aBandung :bPakar Rayac2007 a31 hlm a600 CHR p a600 aNonfiksi a0721710 a0721711 a0721712 a0721713